header

The value of life (Record no. 1757)

MARC details
000 -LEADER
fixed length control field 01224pam a2200337Ia 4500
082 04 - DEWEY DECIMAL CLASSIFICATION NUMBER
Classification number 174/.2
100 1# - MAIN ENTRY--AUTHOR NAME
Personal name Harris, John,
245 14 - TITLE STATEMENT
Title The value of life
260 ## - PUBLICATION, DISTRIBUTION, ETC. (IMPRINT)
Place of publication London ;
-- Boston :
Name of publisher Routledge & Kegan Paul,
Year of publication 1985.
300 ## - PHYSICAL DESCRIPTION
Number of Pages xviii, 281 p.
500 ## - GENERAL NOTE
General note Cover title : The value of life : an introduction to medical ethics.
650 #0 - SUBJECT ADDED ENTRY--TOPICAL TERM
Topical Term Medical ethics.
Topical Term Bioethics.
Topical Term Social ethics.
856 40 - ELECTRONIC LOCATION AND ACCESS
Uniform Resource Identifier http://site.ebrary.com/lib/rucke/Doc?id=5002854

No items available.

© 2026 Rongo University
Contact us: librarian | system librarian | Rongo university